000 00254nam a2200109Ia 4500
005 20251222114345.0
008 251222s1900||||xx |||||||||||||| ||spa||
082 _aDVD0092/S25/1997
245 0 _aCristo se quedó en Ayacucho.
264 _bTPV
942 _cDVD
999 _c1007
_d1007